000
00296nam a22001217a 4500
008
180605b xxu||||| |||| 00| 0 eng d
041
_a
eng
080
_a
043.3
100
_a
0
101
_a
SHKI-MTH
245
_a
Analiza dhe krahasimet e sigurisë në Ipv4 dhe IPv6
_c
Klaiqi,S
942
_2
udc
_c
BK
999
_c
46316
_d
46316